000
00317nam a2200109Ia 4500
008
200302s9999 xx 000 0 und d
100
_a
N. John Habraken and Others
245
_a
Conversations With form A Workbook for Students of Architecture
260
_b
Routledge publishing Co.
260
_c
2014
300
_a
247 P.,
999
_c
3875
_d
3875